书目信息 |
| 题名: |
元明诗一百首
|
|
| 作者: | 李梦生注 译 | |
| 分册: | ||
| 出版信息: | 上海 上海古籍出版社 1999.07 |
|
| 页数: | 174页 | |
| 开本: | 32开 | |
| 丛书名: | ||
| 单 册: | ||
| 中图分类: | I222.747 | |
| 科图分类: | ||
| 主题词: | 诗歌--中国 , 韵文--中国 | |
| 电子资源: | ||
| ISBN: | 7-5325-2567-8 | |
| 000 | 00574nam0 2200205 45 | |
| 001 | 0103141184 | |
| 005 | 20010403093623.8 | |
| 010 | @a7-5325-2567-8@d9.20元 | |
| 100 | @a20010314d1999 km y0chiy0120 ea | |
| 101 | 0 | @achi |
| 105 | @a z 000yy | |
| 200 | 1 | @a元明诗一百首@AYuan Ming Shi Yi Bai Shou@f李梦生注译@FLi Meng Sheng Zhu Yi |
| 210 | @a上海@c上海古籍出版社@d1999.07 | |
| 215 | @a174页@d32开 | |
| 606 | 0 | @a诗歌@x中国 |
| 606 | 0 | @a韵文@x中国 |
| 690 | @aI222.747@v3 | |
| 701 | 0 | @a李梦生注@4译 |
| 801 | @aCN@bPftUser@c20010314 | |
| 905 | @dI222.747@eL788@f1@b334762 | |
| 元明诗一百首/李梦生注译.-上海:上海古籍出版社,1999.07 |
| 174页;32开 |
| ISBN 7-5325-2567-8:9.20元 |
| ● |
| 相关链接 |
|
|
|
正题名:元明诗一百首
索取号:I222.747/L788
 
预约/预借
| 序号 | 登录号 | 条形码 | 馆藏地/架位号 | 状态 | 备注 |
| 1 | 334762 | 203347627 | 文学库108/108文学库 17排2列4层/ [索取号:I222.747/L788] | 在馆 |